<?xml version="1.0" encoding="UTF-8"?>
<collection xmlns="http://www.loc.gov/MARC21/slim">
 <record>
  <leader>00919nam a22002411  4500</leader>
  <controlfield tag="001">1/17822</controlfield>
  <controlfield tag="008">010928s1991    gw d     b      1   enk d</controlfield>
  <datafield tag="020" ind1=" " ind2=" ">
   <subfield code="a">0387566716</subfield>
  </datafield>
  <datafield tag="035" ind1=" " ind2=" ">
   <subfield code="l">18347</subfield>
  </datafield>
  <datafield tag="040" ind1=" " ind2=" ">
   <subfield code="a">GR-PeUP</subfield>
  </datafield>
  <datafield tag="082" ind1="0" ind2="0">
   <subfield code="a">519.2 CR</subfield>
  </datafield>
  <datafield tag="100" ind1="1" ind2=" ">
   <subfield code="a">Cramer, Harald,</subfield>
   <subfield code="d">1893-</subfield>
  </datafield>
  <datafield tag="245" ind1="1" ind2="0">
   <subfield code="a">Harald Cramer :</subfield>
   <subfield code="b">collected works /</subfield>
   <subfield code="c">Εdited by Anders Martin-Lof</subfield>
  </datafield>
  <datafield tag="260" ind1=" " ind2=" ">
   <subfield code="a">Berlin ;</subfield>
   <subfield code="a">New York :</subfield>
   <subfield code="b">Springer-Verlag,</subfield>
   <subfield code="c">1994</subfield>
  </datafield>
  <datafield tag="300" ind1=" " ind2=" ">
   <subfield code="a">2 v. (xx, 1437 p.) :</subfield>
   <subfield code="b">ill. ;</subfield>
   <subfield code="c">25 cm.</subfield>
  </datafield>
  <datafield tag="504" ind1=" " ind2=" ">
   <subfield code="a">Includes bibliographical references (v. 2, p. 1431-1435)</subfield>
  </datafield>
  <datafield tag="650" ind1=" " ind2="4">
   <subfield code="a">Mathematical statistics.</subfield>
  </datafield>
  <datafield tag="650" ind1=" " ind2="4">
   <subfield code="a">Probabilities.</subfield>
  </datafield>
  <datafield tag="650" ind1=" " ind2="4">
   <subfield code="a">Stochastic processes.</subfield>
  </datafield>
  <datafield tag="700" ind1="1" ind2=" ">
   <subfield code="a">Martin-Lof, A.</subfield>
   <subfield code="q">(Anders),</subfield>
   <subfield code="d">1940-</subfield>
  </datafield>
  <datafield tag="852" ind1=" " ind2=" ">
   <subfield code="a">INST</subfield>
   <subfield code="b">UNIPILB</subfield>
   <subfield code="c">MAIN</subfield>
   <subfield code="e">20040709</subfield>
   <subfield code="h">519.2 CR</subfield>
   <subfield code="p">00137104</subfield>
   <subfield code="q">00137104</subfield>
   <subfield code="t">LOAN</subfield>
   <subfield code="v">v.I:</subfield>
   <subfield code="y">0</subfield>
   <subfield code="z">v.I</subfield>
   <subfield code="4">1</subfield>
  </datafield>
  <datafield tag="852" ind1=" " ind2=" ">
   <subfield code="a">INST</subfield>
   <subfield code="b">UNIPILB</subfield>
   <subfield code="c">MAIN</subfield>
   <subfield code="e">20040709</subfield>
   <subfield code="h">519.2 CR</subfield>
   <subfield code="p">00137105</subfield>
   <subfield code="q">00137105</subfield>
   <subfield code="t">LOAN</subfield>
   <subfield code="v">v.II:</subfield>
   <subfield code="y">0</subfield>
   <subfield code="z">v.II</subfield>
   <subfield code="4">1</subfield>
  </datafield>
  <datafield tag="856" ind1="4" ind2=" ">
   <subfield code="d">/webopac/covers/01/18347_0387566716.jpg</subfield>
  </datafield>
 </record>
</collection>
